| 000 | 00756nam a2200181Ia 4500 | ||
|---|---|---|---|
| 008 | 090123s9999 xx 000 0 und d | ||
| 082 | _b19537 | ||
| 100 | _aपरुळेकर आशा | ||
| 245 | _aमुलांचे सुप्तगुण कसे ओळखाल ?कसे फुलवाल? | ||
| 250 | _a1 | ||
| 260 |
_bउन्मेष प्रकाशन _c1991 |
||
| 300 | _a110 | ||
| 600 | _aपरुळेकर आशा | ||
| 630 | _aमुलांचे सुप्तगुण कसे ओळखाल ?कसे फुलवाल? | ||
| 700 | _aपरुळेकर आशा | ||
| 730 | _aमुलांचे सुप्तगुण कसे ओळखाल ?कसे फुलवाल? | ||
| 942 | _cBOOK | ||
| 999 |
_c57604 _d57604 |
||